Miejscowości w gminie Niemodlin z mapą - Statystyki

Ogólne statystyki
  • Ten quiz został rozwiązany 78 razy
  • Średni wynik to 9 z 27
Odpowiedzi na mapie
Odpowiedzi zakodowano w zielono-czerwonej skali na mapie do tego quizu, zgodnie z poniższymi procentami.
 
Statystyki odpowiedzi
Odpowiedź % Poprawnych
Niemodlin
100%
Lipno
57%
Gracze
43%
Magnuszowice
43%
Gościejowice
36%
Jakubowice
36%
Magnuszowiczki
36%
Rogi
36%
Rzędziwojowice
36%
Sarny Wielkie
36%
Wydrowice
36%
Góra
29%
Grabin
29%
Grodziec
29%
Jaczowice
29%
Krasna Góra
29%
Michałówek
29%
Piotrowa
29%
Roszkowice
29%
Rutki
29%
Szydłowiec Śląski
29%
Tarnica
29%
Brzęczkowice
21%
Molestowice
21%
Radoszowice
21%
Sady
21%
Tłustoręby
21%
Nie znaleziono quizów pasujących do podanych kryteriów
Rozkład punktacji
Procent ludzi z każdym wynikiem
Percentyl według liczby udzielonych odpowiedzi
Twoja historia wyników
Nie rozwiązałeś tego quizu